[Event "Villa Ballester op 69th"]
[Site "Villa Ballester"]
[Date "2019.01.20"]
[Round "4"]
[White "Lempke, Sabrina"]
[Black "Agostino, Jose Luis"]
[Result "1-0"]
[WhiteElo "1596"]
[BlackElo "1675"]
[PlyCount "77"]
[EventDate "2019.01.16"]
[EventType "swiss"]
[EventRounds "9"]
[EventCountry "ARG"]
[SourceTitle "CBM 188 Extra"]
[Source "ChessBase"]
[SourceDate "2019.02.26"]
[SourceVersion "1"]
[SourceVersionDate "2019.02.26"]
[SourceQuality "1"]

1. c4 Nf6 2. g3 c6 3. Bg2 g6 4. Nc3 Bg7 5. e4 d6 6. Nge2 Bg4 7. h3 Be6 8. d3 0-0 9. 0-0 Qc8 10. Kh2 Na6 11. Rb1 Nc7 12. f4 Nfe8 13. g4 f5 14. exf5 gxf5 15. g5 Bf7 16. Ng3 d5 17. cxd5 cxd5 18. d4 Nd6 19. Be3 b5 20. Qd3 Qd7 21. h4 b4 22. Nce2 Ne4 23. h5 Rfc8 24. Nxf5 Bxh5 25. Nxg7 Kxg7 26. f5 Ne8 27. Bxe4 dxe4 28. Qd2 Rab8 29. Bf4 Rb6 30. Be5+ Kg8 31. Ng3 Bf3 32. Rbe1 Rbc6 33. Rc1 a5 34. Qe3 Rc2+ 35. Rxc2 Rxc2+ 36. Rf2 Qc6 37. Qb3+ Rc4 38. Rc2 Nd6 39. Bxd6 1-0

[Event "Pehuajo Macias Memorial 1st"]
[Site "Pehuajo"]
[Date "2017.08.21"]
[Round "6"]
[White "Lopez, Carlos"]
[Black "Lempke, Sabrina"]
[Result "1-0"]
[WhiteElo "2086"]
[BlackElo "1578"]
[PlyCount "53"]
[EventDate "2017.08.18"]
[EventType "swiss"]
[EventRounds "7"]
[EventCountry "ARG"]
[SourceTitle "EXT 2019"]
[Source "ChessBase"]
[SourceDate "2018.10.10"]
[SourceVersion "1"]
[SourceVersionDate "2018.10.10"]
[SourceQuality "1"]

1. e4 e5 2. Nf3 Nf6 3. Nc3 Nc6 4. Bb5 Nd4 5. Ba4 Bc5 6. d3 Qe7 7. 0-0 0-0 8. Nxd4 Bxd4 9. Ne2 Bb6 10. Ng3 d6 11. Be3 Bxe3 12. fxe3 Ng4 13. Qf3 Qf6 14. Nf5 Nh6 15. Bb3 Nxf5 16. exf5 c6 17. e4 a5 18. a4 Bd7 19. Qf2 c5 20. Bd5 Ra6 21. h4 Bc6 22. Bxc6 Rxc6 23. b3 g5 24. hxg5 Qxg5 25. Rae1 f6 26. Re3 Rc7 27. Rg3 1-0

[Event "Pehuajo Macias Memorial 1st"]
[Site "Pehuajo"]
[Date "2017.08.20"]
[Round "5"]
[White "Vergara, Agustin"]
[Black "Lempke, Sabrina"]
[Result "1-0"]
[WhiteElo "1823"]
[BlackElo "1578"]
[PlyCount "79"]
[EventDate "2017.08.18"]
[EventType "swiss"]
[EventRounds "7"]
[EventCountry "ARG"]
[SourceTitle "EXT 2019"]
[Source "ChessBase"]
[SourceDate "2018.10.10"]
[SourceVersion "1"]
[SourceVersionDate "2018.10.10"]
[SourceQuality "1"]

1. e4 e5 2. Nf3 Nf6 3. d3 Nc6 4. Nbd2 Bc5 5. Be2 0-0 6. 0-0 d6 7. c3 Bb6 8. Nc4 Re8 9. Nxb6 axb6 10. Re1 d5 11. Nd2 dxe4 12. dxe4 Be6 13. a4 Qe7 14. Qc2 Red8 15. b4 Nd7 16. Nf3 f6 17. Nh4 Qf7 18. Rb1 Ne7 19. f4 exf4 20. Nf5 Nxf5 21. exf5 Bc4 22. Bxf4 Bxe2 23. Rxe2 Qc4 24. Re4 Qc6 25. Rbe1 Ne5 26. Bxe5 fxe5 27. Rxe5 Qxa4 28. Qxa4 Rxa4 29. Re7 Ra2 30. Rxc7 h6 31. f6 gxf6 32. h3 Kf8 33. Ree7 Rdd2 34. Rf7+ Ke8 35. Rg7 Kd8 36. Rxb7 Kc8 37. Rxb6 Ra1+ 38. Kh2 Rc1 39. Rxf6 Rdd1 40. Rf8+ 1-0

[Event "Pehuajo Macias Memorial 1st"]
[Site "Pehuajo"]
[Date "2017.08.19"]
[Round "3"]
[White "Bentancor, Franco German"]
[Black "Lempke, Sabrina"]
[Result "1-0"]
[WhiteElo "2192"]
[BlackElo "1578"]
[PlyCount "41"]
[EventDate "2017.08.18"]
[EventType "swiss"]
[EventRounds "7"]
[EventCountry "ARG"]
[SourceTitle "EXT 2019"]
[Source "ChessBase"]
[SourceDate "2018.10.10"]
[SourceVersion "1"]
[SourceVersionDate "2018.10.10"]
[SourceQuality "1"]

1. e4 e5 2. Nf3 Nf6 3. Nxe5 d6 4. Nf3 Nxe4 5. Bd3 Nf6 6. 0-0 Be7 7. c3 0-0 8. Bc2 d5 9. Re1 Re8 10. d4 Bd6 11. Bg5 Bg4 12. Rxe8+ Qxe8 13. Bxf6 Bxf3 14. gxf3 gxf6 15. Qd3 Nd7 16. Qxh7+ Kf8 17. Nd2 Qe2 18. Nf1 Ke7 19. Bd3 Qe6 20. Ne3 Re8 21. Bf5 1-0

[Event "ARG-ch U20 Girls"]
[Site "Concordia"]
[Date "2017.04.04"]
[Round "3"]
[White "Lempke, Sabrina"]
[Black "Strgacich, Aylen"]
[Result "0-1"]
[WhiteElo "1660"]
[BlackElo "1892"]
[PlyCount "60"]
[EventDate "2017.04.03"]
[EventType "tourn"]
[EventRounds "7"]
[EventCountry "ARG"]
[SourceTitle "CBM 178 Extra"]
[Source "ChessBase"]
[SourceDate "2017.06.22"]
[SourceVersion "1"]
[SourceVersionDate "2017.06.22"]
[SourceQuality "1"]

1. e4 c5 2. Nc3 e6 3. f4 Ne7 4. Nf3 a6 5. g3 b5 6. a3 d5 7. e5 Bb7 8. d3 Nf5 9. d4 cxd4 10. Nxd4 Nxd4 11. Qxd4 Nc6 12. Qd1 d4 13. Ne4 Nxe5 14. fxe5 Bxe4 15. Rg1 Rc8 16. Bd3 Qd5 17. Bf4 g5 18. Bc1 Bxd3 19. Qxd3 Qxe5+ 20. Kd1 Bg7 21. Re1 Qd5 22. a4 0-0 23. axb5 axb5 24. Ra5 Rb8 25. h4 g4 26. c3 dxc3 27. Qxd5 exd5 28. Bf4 cxb2 29. Kc2 Rbc8+ 30. Kb1 Bc3 0-1

[Event "South America-ch U18 Girls 13th"]
[Site "Santiago de Chile"]
[Date "2016.12.04"]
[Round "5"]
[White "Lempke, Sabrina"]
[Black "Melipichun Torres, Katerine"]
[Result "1-0"]
[WhiteElo "1622"]
[BlackElo "1588"]
[PlyCount "69"]
[EventDate "2016.12.01"]
[EventType "swiss"]
[EventRounds "9"]
[EventCountry "CHI"]
[SourceTitle "EXT 2018"]
[Source "ChessBase"]
[SourceDate "2017.10.13"]
[SourceVersion "1"]
[SourceVersionDate "2017.10.13"]
[SourceQuality "1"]

1. c4 e6 2. Nf3 d5 3. g3 Nf6 4. Bg2 c6 5. 0-0 Bd6 6. d3 0-0 7. Bd2 Nbd7 8. b4 Qe7 9. c5 Bc7 10. Nc3 b6 11. d4 a5 12. bxa5 bxc5 13. dxc5 Bxa5 14. Nd4 Bb7 15. Nb3 Bb4 16. Ne4 Bxd2 17. Nxf6+ Nxf6 18. Qxd2 Ra7 19. Rfb1 Rfa8 20. Qc2 Nd7 21. e4 Rc8 22. a4 Ba8 23. a5 e5 24. Bh3 Bb7 25. Nd2 Rc7 26. Bxd7 Qxd7 27. Rb6 Ba6 28. Kg2 dxe4 29. Nxe4 Rcb7 30. Nd6 Bb5 31. Nxb7 Rxb7 32. a6 Qd5+ 33. Kg1 Rxb6 34. cxb6 Qd4 35. Ra2 1-0

[Event "Pan American-ch U18 Girls 27th"]
[Site "Montevideo"]
[Date "2016.07.28"]
[Round "6"]
[White "Tamarozi, Isabelle"]
[Black "Lempke, Sabrina"]
[Result "1/2-1/2"]
[WhiteElo "2035"]
[BlackElo "1526"]
[PlyCount "66"]
[EventDate "2016.07.25"]
[EventType "swiss"]
[EventRounds "9"]
[EventCountry "URU"]
[SourceTitle "EXT 2017"]
[Source "ChessBase"]
[SourceDate "2016.10.25"]
[SourceVersion "1"]
[SourceVersionDate "2016.10.25"]
[SourceQuality "1"]

1. e4 e5 2. Nf3 Nf6 3. Nxe5 d6 4. Nf3 Nxe4 5. Nc3 Nf6 6. d4 d5 7. Bg5 Be7 8. Bd3 Nc6 9. h3 0-0 10. 0-0 Nb4 11. Bb5 Bf5 12. a3 Nc6 13. Re1 Ne4 14. Bxe7 Nxe7 15. Nxe4 Bxe4 16. Ne5 c6 17. Bd3 Bxd3 18. Qxd3 f6 19. Ng4 Ng6 20. Qg3 Qb8 21. Qb3 Qc7 22. a4 Rfe8 23. Re3 Rxe3 24. Qxe3 Qe7 25. Re1 Qxe3 26. Rxe3 Kf7 27. g3 Re8 28. Rxe8 Kxe8 29. Ne3 Ne7 30. b4 a6 31. c3 Kd7 32. Kg2 Ke6 33. Kf3 Nf5 1/2-1/2

[Event "ARG-ch U18 Girls"]
[Site "Villaguay"]
[Date "2016.02.27"]
[Round "5.1"]
[White "Parroni, Violeta"]
[Black "Lempke, Sabrina"]
[Result "0-1"]
[WhiteElo "1518"]
[BlackElo "1547"]
[PlyCount "80"]
[EventDate "2016.02.23"]
[EventType "swiss"]
[EventRounds "5"]
[EventCountry "ARG"]
[SourceTitle "EXT 2024"]
[Source "ChessBase"]
[SourceDate "2023.10.10"]
[SourceVersion "1"]
[SourceVersionDate "2023.10.10"]
[SourceQuality "1"]

1. d4 Nf6 2. Nf3 g6 3. e3 Bg7 4. c4 0-0 5. Nc3 d6 6. Bd3 Re8 7. e4 e5 8. d5 Na6 9. a3 Nc5 10. Bc2 a5 11. Be3 Nfd7 12. 0-0 h6 13. Re1 Qe7 14. h3 c6 15. Bxc5 Nxc5 16. Rb1 f5 17. b4 axb4 18. axb4 Nxe4 19. Nxe4 fxe4 20. Bxe4 Bf5 21. Qd3 Rf8 22. Nd4 Bxe4 23. Qxe4 Qf6 24. Ne6 Qxf2+ 25. Kh1 Rf6 26. Rf1 Qg3 27. Rxf6 Bxf6 28. Rb3 Ra1+ 29. Rb1 Rxb1+ 30. Qxb1 Bh4 31. Qf1 Qe1 32. Qxe1 Bxe1 33. Nd8 cxd5 34. cxd5 Bxb4 35. Nxb7 Bc5 36. g4 Kf7 37. Kg2 Bb4 38. Kf3 Ke7 39. Ke4 Kd7 40. h4 Kc7 0-1

[Event "ARG-ch (Women)"]
[Site "Buenos Aires"]
[Date "2015.09.06"]
[Round "3"]
[White "Lempke, Sabrina"]
[Black "Gugliotta, Maria Julieta"]
[Result "0-1"]
[WhiteElo "1637"]
[BlackElo "1490"]
[PlyCount "56"]
[EventDate "2015.09.04"]
[EventType "swiss"]
[EventRounds "8"]
[EventCountry "ARG"]
[SourceTitle "EXT 2016"]
[Source "ChessBase"]
[SourceDate "2015.10.08"]
[SourceVersion "1"]
[SourceVersionDate "2015.10.08"]
[SourceQuality "1"]

1. c4 c6 2. g3 d5 3. Bg2 Nf6 4. Nf3 g6 5. 0-0 Bg7 6. d3 0-0 7. Bf4 dxc4 8. dxc4 Nbd7 9. Nc3 Nb6 10. Qb3 Be6 11. Rfd1 Nfd7 12. Ne5 Bxe5 13. Bxe5 Qc8 14. Qc2 Nxe5 15. f4 Nexc4 16. Qc1 Rd8 17. Rf1 Bd5 18. e4 Be6 19. h4 Bh3 20. f5 Bxg2 21. Kxg2 Rd2+ 22. Kg1 Qc7 23. Rf4 Rad8 24. b3 Ne5 25. a4 R2d3 26. Qe1 Qd6 27. Rd1 Rxd1 28. Nxd1 Qxd1 0-1

[Event "ARG-chT (Women)"]
[Site "Villa Martelli"]
[Date "2015.05.30"]
[Round "1.2"]
[White "Lempke, Sabrina"]
[Black "Besso, Guadalupe"]
[Result "0-1"]
[WhiteElo "1608"]
[BlackElo "1956"]
[PlyCount "66"]
[EventDate "2015.05.30"]
[EventType "team-swiss"]
[EventRounds "7"]
[EventCountry "ARG"]
[SourceTitle "EXT 2016"]
[Source "ChessBase"]
[SourceDate "2015.10.08"]
[SourceVersion "1"]
[SourceVersionDate "2015.10.08"]
[SourceQuality "1"]
[WhiteTeam "Mar del Plata (W)"]
[BlackTeam "Untref Ulp (W)"]
[WhiteTeamCountry "ARG"]
[BlackTeamCountry "ARG"]

1. c4 c5 2. Nc3 g6 3. g3 Bg7 4. Bg2 Nc6 5. Nf3 e6 6. d3 Nge7 7. 0-0 0-0 8. Rb1 b6 9. Bf4 d6 10. Qd2 Re8 11. Ne4 e5 12. Bg5 Rf8 13. Nf6+ Kh8 14. Nd5 f6 15. Nxe7 Nxe7 16. Bh6 Rb8 17. a3 Be6 18. Bxg7+ Kxg7 19. Ne1 b5 20. cxb5 Rxb5 21. b4 a5 22. Nc2 cxb4 23. axb4 Qb8 24. Qe1 Rc8 25. Qd2 Nc6 26. Bxc6 Rxc6 27. d4 Bf5 28. Na3 Rxb4 29. Rxb4 Qxb4 30. Qxb4 axb4 31. Nb1 Bh3 32. Rd1 b3 33. Na3 b2 0-1

[Event "ARG-ch U18 Girls"]
[Site "Cenard"]
[Date "2015.04.03"]
[Round "2.2"]
[White "Ulloa, Liliana"]
[Black "Lempke, Sabrina"]
[Result "0-1"]
[WhiteElo "1706"]
[BlackElo "1582"]
[PlyCount "48"]
[EventDate "2015.04.02"]
[EventType "swiss"]
[EventRounds "5"]
[EventCountry "ARG"]
[SourceTitle "EXT 2024"]
[Source "ChessBase"]
[SourceDate "2023.10.10"]
[SourceVersion "1"]
[SourceVersionDate "2023.10.10"]
[SourceQuality "1"]

1. e4 c5 2. Nf3 e6 3. d4 cxd4 4. Nxd4 a6 5. Bd3 Bc5 6. Nb3 Be7 7. 0-0 d6 8. Bd2 Nf6 9. Re1 Nbd7 10. c4 Ne5 11. Bf1 Qc7 12. Qe2 0-0 13. Nc3 Bd7 14. h3 Rac8 15. Nd1 Nxc4 16. Rc1 b5 17. a4 Qb7 18. a5 Nxd2 19. Qxd2 Nxe4 20. Qd4 Rxc1 21. Nxc1 Nc5 22. b4 e5 23. Qd2 Ne6 24. Qb2 Nf4 0-1

[Event "ARG-ch U16 Girls"]
[Site "La Falda"]
[Date "2015.03.23"]
[Round "8"]
[White "Gerosa Destribats, Victoria"]
[Black "Lempke, Sabrina"]
[Result "1-0"]
[WhiteElo "1582"]
[BlackElo "1586"]
[PlyCount "47"]
[EventDate "2015.03.19"]
[EventType "tourn"]
[EventRounds "10"]
[EventCountry "ARG"]
[SourceTitle "EXT 2016"]
[Source "ChessBase"]
[SourceDate "2015.10.08"]
[SourceVersion "1"]
[SourceVersionDate "2015.10.08"]
[SourceQuality "1"]

1. e4 c5 2. Nf3 e6 3. d4 cxd4 4. Nxd4 a6 5. Nc3 Qc7 6. a3 Nf6 7. Be3 Bc5 8. Qd2 Ng4 9. Bg5 h6 10. Bh4 Nc6 11. Bg3 d6 12. Nb3 Qd7 13. Nxc5 dxc5 14. Qxd7+ Bxd7 15. 0-0-0 Nf6 16. Bd6 c4 17. Bxc4 b5 18. Be2 Rc8 19. f4 Na5 20. e5 Ng8 21. Rd3 Nc4 22. Rhd1 Ne7 23. Bxe7 Kxe7 24. Rxd7+ 1-0

[Event "ARG-ch U16 Girls"]
[Site "La Falda"]
[Date "2015.03.23"]
[Round "7"]
[White "Lempke, Sabrina"]
[Black "Parroni, Violeta"]
[Result "1-0"]
[WhiteElo "1586"]
[BlackElo "1546"]
[PlyCount "59"]
[EventDate "2015.03.19"]
[EventType "tourn"]
[EventRounds "10"]
[EventCountry "ARG"]
[SourceTitle "EXT 2016"]
[Source "ChessBase"]
[SourceDate "2015.10.08"]
[SourceVersion "1"]
[SourceVersionDate "2015.10.08"]
[SourceQuality "1"]

1. c4 Nf6 2. Nf3 e6 3. g3 d5 4. Bg2 Nc6 5. 0-0 dxc4 6. Qc2 b5 7. Ne5 Nd4 8. Qd1 Nd5 9. e3 Nc6 10. Nxc6 Qd6 11. Nd4 c6 12. a4 Rb8 13. axb5 cxb5 14. Nc3 Nxc3 15. dxc3 Be7 16. Nc6 Bb7 17. Qxd6 Bxd6 18. Nxb8 Bxg2 19. Kxg2 Bxb8 20. Ra5 0-0 21. Rd1 Rc8 22. Rxb5 h6 23. Rd7 g6 24. e4 e5 25. Bxh6 Bc7 26. Rc5 Kh7 27. Rxf7+ Kxh6 28. Rcxc7 Rxc7 29. Rxc7 a5 30. Rxc4 1-0

[Event "ARG-ch U16 Girls"]
[Site "La Falda"]
[Date "2015.03.21"]
[Round "3"]
[White "Lempke, Sabrina"]
[Black "Gerosa Destribats, Victoria"]
[Result "1/2-1/2"]
[WhiteElo "1586"]
[BlackElo "1582"]
[PlyCount "116"]
[EventDate "2015.03.19"]
[EventType "tourn"]
[EventRounds "10"]
[EventCountry "ARG"]
[SourceTitle "EXT 2016"]
[Source "ChessBase"]
[SourceDate "2015.10.08"]
[SourceVersion "1"]
[SourceVersionDate "2015.10.08"]
[SourceQuality "1"]

1. c4 Nf6 2. Nf3 g6 3. Nc3 Bg7 4. g3 0-0 5. Bg2 d6 6. 0-0 Nc6 7. d3 Bd7 8. a3 Ne8 9. Bd2 Rb8 10. Rb1 Nd4 11. b4 c6 12. Nxd4 Bxd4 13. Qc2 Nc7 14. Bh6 Re8 15. e3 Be5 16. f4 Bg7 17. Bxg7 Kxg7 18. e4 Qc8 19. Qf2 f6 20. Rbe1 Ra8 21. e5 dxe5 22. fxe5 f5 23. Qb2 Rd8 24. b5 cxb5 25. Nxb5 Bxb5 26. cxb5 Ne6 27. Rd1 Qc5+ 28. Kh1 Qb6 29. a4 a6 30. Qb1 axb5 31. Qxb5 Qxb5 32. axb5 Ra5 33. Rb1 b6 34. Rfd1 Nc5 35. d4 Na4 36. Rd3 e6 37. Bc6 Nc5 38. Rdd1 Ne4 39. Bxe4 fxe4 40. Kg2 Ra4 41. Kf2 Raxd4 42. Rxd4 Rxd4 43. Ke3 Rd5 44. Kxe4 Kh6 45. g4 Kg5 46. h3 Kh4 47. Rb3 g5 48. Rf3 Rxb5 49. Rf6 Kxh3 50. Rxe6 Kxg4 51. Rh6 Rb1 52. Rxh7 Re1+ 53. Kd5 b5 54. Rb7 Kf5 55. Rf7+ Kg6 56. Rb7 Rb1 57. Ke4 Rb4+ 58. Kd5 Kf5 1/2-1/2